| 000 -LEADER |
| fixed length control field |
00660nam a2200193 a 4500 |
| 005 - DATE AND TIME OF LATEST TRANSACTION |
| control field |
20131028064601.0 |
| 008 - FIXED-LENGTH DATA ELEMENTS--GENERAL INFORMATION |
| fixed length control field |
940217s1994 txua b 001 0 eng |
| 020 ## - INTERNATIONAL STANDARD BOOK NUMBER |
| International Standard Book Number |
0155003852 |
| 080 ## - UNIVERSAL DECIMAL CLASSIFICATION NUMBER |
| Universal Decimal Classification number |
323.27 |
| 245 00 - TITLE STATEMENT |
| Title |
Revolutions : |
| Statement of responsibility, etc |
edited by Jack A. Goldstone. |
| 250 ## - |
| -- |
2nd ed. |
| 260 ## - |
| -- |
Fort Worth : |
| -- |
Harcourt Brace College Publishers, |
| -- |
c1994 |
| 300 ## - |
| -- |
xi, 336 p. : |
| -- |
ill. ; |
| -- |
24 cm. |
| 500 ## - |
| -- |
Preface : f. [V] - VII |
| 504 ## - BIBLIOGRAPHY, ETC. NOTE |
| Bibliography, etc |
Includes bibliographical references (p. [321]-328) and index. |
| 650 #0 - |
| -- |
Revolucionet |
| -- |
Studim i rasteve |
| 700 1# - |
| -- |
Goldstone, Jack A. |
| 942 ## - ADDED ENTRY ELEMENTS (KOHA) |
| Source of classification or shelving scheme |
|
| Item type |
Books |